A khupdin Khristian: (Record no. 8650)

MARC details
000 -LEADER
fixed length control field 00530nam a22001817a 4500
003 - CONTROL NUMBER IDENTIFIER
control field GBCCL
005 - DATE AND TIME OF LATEST TRANSACTION
control field 20241126110655.0
008 - FIXED-LENGTH DATA ELEMENTS--GENERAL INFORMATION
fixed length control field 210713b ||||| |||| 00| 0 eng d
040 ## - CATALOGING SOURCE
Transcribing agency gbc
082 ## - DEWEY DECIMAL CLASSIFICATION NUMBER
Classification number 248.32
Item number UNK
100 ## - MAIN ENTRY--PERSONAL NAME
Personal name Unknown Christian
9 (RLIN) 7795
245 ## - TITLE STATEMENT
Title A khupdin Khristian:
Remainder of title a kneeling Christian /
Statement of responsibility, etc. translated by Pastor M Kamneithang Zou
260 ## - PUBLICATION, DISTRIBUTION, ETC.
Place of publication, distribution, etc. Lamka:
Name of publisher, distributor, etc. T Douminlian Zou and family,
Date of publication, distribution, etc. 2020
300 ## - PHYSICAL DESCRIPTION
Extent 140p. ;
650 ## - SUBJECT ADDED ENTRY--TOPICAL TERM
Topical term or geographic name entry element Prayer
Form subdivision Christianity
9 (RLIN) 9341
650 ## - SUBJECT ADDED ENTRY--TOPICAL TERM
Topical term or geographic name entry element Christian life
9 (RLIN) 183
942 ## - ADDED ENTRY ELEMENTS (KOHA)
Source of classification or shelving scheme Dewey Decimal Classification
Koha item type Books
Holdings
Withdrawn status Lost status Source of classification or shelving scheme Damaged status Not for loan Home library Current Library Shelving location Date acquired Total checkouts Full call number Barcode Date last seen Copy number Price effective from Koha item type
    Dewey Decimal Classification     GRACE BIBLE COLLEGE GRACE BIBLE COLLEGE Vernacular 2021-07-13   VER 248.32 UNK 020287 2025-05-01 c.1 2021-07-13 Books
    Dewey Decimal Classification     GRACE BIBLE COLLEGE GRACE BIBLE COLLEGE Vernacular 2021-07-13   VER 248.32 UNK 020288 2025-05-01 c.2 2021-07-13 Books
© Grace Bible College Library 2025